Statistics for Most Successful UEFA Euro Countries

Click here to take the quiz!

General Stats

  • This quiz has been taken 94 times
    (32 since last reset)
  • The average score is 30 of 33

Answer Stats

RankNation1st2nd3rd*4th*App.% Correct
3France21119
100%
1Germany33312
100%
"Portugal1137
100%
2Spain3110
100%
18Croatia5
97%
5Italy12119
97%
4Russia / Soviet Union131111
97%
12Belgium115
93%
6Czech Republic / Czechoslovakia1139
93%
9Denmark1118
93%
13England29
93%
10Greece14
93%
8Netherlands149
93%
"Norway1
93%
11Serbia / Yugoslavia215
93%
"Slovenia1
93%
15Sweden16
93%
22Austria2
90%
"Bulgaria2
90%
"Ireland2
90%
21Poland3
90%
"Scotland2
90%
"Ukraine2
90%
14Hungary113
87%
"Romania5
87%
"Slovakia1
87%
"Turkey14
87%
"Wales11
87%
"Iceland1
83%
"Northern Ireland1
83%
20Switzerland4
83%
27Albania1
80%
"Latvia1
73%

Score Distribution

Percentile by Number Answered

Percent of People with Each Score

Your Score History

You have not taken this quiz since the last reset